000 00497nam a2200169Ia 4500
999 _c3357
_d3357
003 OSt
005 20200824123536.0
008 190216s9999||||xx |||||||||||||| ||und||
040 _coclc
082 _a615.19
_bTYA/T
100 _aTyagi, O D
_94312
245 0 _aA Textbook Of Synthetic Drugs /
_cO D Tyagi ; M Yadav
260 _bAnmol Publications,
_aNew Delhi:
_c1998.
300 _a467p
650 _aChemistry-Chemistry
942 _cBK
_2ddc
_h615.19
_iTYA/T
_k615.19
_mTYA/T